Annales scientifiques de l'École normale supérieure.
Saved in:
| Institution som forfatter: | |
|---|---|
| Format: | Tidsskrift |
| Sprog: | English French German |
| Udgivet: |
Paris :
Gauthier-Villars,
1864-.
|
| Fag: | |
| Online adgang: | http://www.sciencedirect.com/science/journal/00129593 http://bibpurl.oclc.org/web/7638 |
| LEADER | 07080cas a2201105 a 4500 | ||
|---|---|---|---|
| 001 | c000186599 | ||
| 003 | CARM | ||
| 005 | 20051220145558.0 | ||
| 008 | 760712c18649999fr brzp f0 b0eng d | ||
| 010 | |a sn 86001022 | ||
| 019 | 1 | |a 933098 |5 LACONCORD2021 | |
| 022 | |a 0012-9593 | ||
| 030 | |a ASENAH | ||
| 032 | |a 007741 |b USPS | ||
| 035 | |a (OCoLC)2449439 |5 LACONCORD2021 | ||
| 040 | |a QPR |b eng |c QPR |d OCoLC |d NIC |d MH |d MnMULS |d InU |d AIP |d NSDP |d DLC |d LC | ||
| 041 | 0 | |a eng |a fre |a ger | |
| 042 | |a nsdp |a lc | ||
| 050 | 0 | 0 | |a Q2 |b .P3 |
| 082 | 0 | 0 | |a 600 |2 21 |
| 082 | 1 | 0 | |a 505 |2 13 |
| 210 | 0 | |a Ann. sci. Éc. norm. supér | |
| 222 | 0 | |a Annales scientifiques de l'École normale supérieure | |
| 245 | 0 | 0 | |a Annales scientifiques de l'École normale supérieure. |
| 260 | |a Paris : |b Gauthier-Villars, |c 1864-. | ||
| 300 | |a v. : |b ill. ; |c 27 cm. | ||
| 310 | |a Bimonthly, |b <1992-mars-avril 1999> | ||
| 321 | |a Quarterly, |b 1864- | ||
| 362 | 0 | |a T. 1 (1864)-t. 7 (1870); 2e sér., t. 1 (1872)-t. 12 (1883); 3e sér., t. 1 (1884)-t. 83 (1966); 4e sér., t. 1 (1968)- | |
| 500 | |a Title from cover. | ||
| 510 | 1 | |a Mathematical reviews |x 0025-5629 | |
| 530 | |a Also available via the World Wide Web. (Restricted to subscribing institution) | ||
| 546 | |a In English, French, and German. | ||
| 555 | |a 1864-83; 1884-93; 1894-1904. | ||
| 650 | 0 | |a Science |v Periodicals. | |
| 655 | 7 | |a Electronic journals. |2 lcsh | |
| 710 | 2 | |a Ecole normale supérieure (France) | |
| 776 | 1 | |t Annales scientifiques de l'École normale supérieure (Online) |w (DLC) 00227332 |w (OCoLC)42248987 | |
| 856 | 4 | 1 | |u http://www.sciencedirect.com/science/journal/00129593 |
| 856 | 4 | 1 | |u http://bibpurl.oclc.org/web/7638 |f http://www.numdam.org/numdam-bin/browse?j=ASENS&sl=2 |
| 852 | 8 | |b CARM |h A2:AQ01F0 |i C07601 |p 0260721 |f SE | |
| 852 | 8 | |b CARM |h A2:AQ02F0 |i C07629 |p 0260784 |f SE | |
| 852 | 8 | |b CARM |h A2:AP05F0 |i C07640 |p 0260800 |f SE | |
| 852 | 8 | |b CARM |h A2:AP07F0 |i C07648 |p 0260844 |f SE | |
| 852 | 8 | |b CARM |h A2:AP07F0 |i C07642 |p 0260849 |f SE | |
| 852 | 8 | |b CARM |h A2:AP20F0 |i C07713 |p 0260943 |f SE | |
| 852 | 8 | |b CARM |h A2:AO31F0 |i F00032 |p 0265211 |f SE | |
| 852 | 8 | |b CARM |h A2:AO31F0 |i F00039 |p 0265216 |f SE | |
| 852 | 8 | |b CARM |h A2:AO33F0 |i F00044 |p 0265220 |f SE | |
| 852 | 8 | |b CARM |h A2:AO33F0 |i F00042 |p 0265225 |f SE | |
| 852 | 8 | |b CARM |h A2:AO32F0 |i F00082 |p 0265102 |f SE | |
| 852 | 8 | |b CARM |h A2:AO32F0 |i F00087 |p 0265103 |f SE | |
| 852 | 8 | |b CARM |h A2:AO37F0 |i F00075 |p 0265106 |f SE | |
| 852 | 8 | |b CARM |h A2:AO26B0 |i F00124 |p 0259990 |f SE | |
| 852 | 8 | |b CARM |h A2:AO25B0 |i F00112 |p 0259993 |f SE | |
| 852 | 8 | |b CARM |h A2:AO25B0 |i F00113 |p 0259994 |f SE | |
| 852 | 8 | |b CARM |h A2:AO25B0 |i F00113 |p 0259995 |f SE | |
| 852 | 8 | |b CARM |h A2:AO32B0 |i F00156 |p 0266030 |f SE | |
| 852 | 8 | |b CARM |h A2:AO31B0 |i F00149 |p 0266032 |f SE | |
| 852 | 8 | |b CARM |h A2:AO08B0 |i F00208 |p 0266133 |f SE | |
| 852 | 8 | |b CARM |h A2:AN26B0 |i F00272 |p 0266186 |f SE | |
| 852 | 8 | |b CARM |h A2:AN26B0 |i F00272 |p 0266187 |f SE | |
| 852 | 8 | |b CARM |h A2:AN14B0 |i F00256 |p 0265678 |f SE | |
| 852 | 8 | |b CARM |h A2:AR07E0 |i F00057 |p 0266922 |f SE | |
| 852 | 8 | |b CARM |h A2:AR02E0 |i D09076 |p 0267368 |f SE | |
| 852 | 8 | |b CARM |h A2:AK22B0 |i F00423 |p 0267452 |f SE | |
| 866 | 0 | |a 1:1(1864)-4:20(1987) Inc. | |
| 866 | 0 | |a 1:1(1864)-4:20(1987) Inc. | |
| 999 | f | f | |i f8acad4c-afa2-5550-a8cd-fba051c48297 |s c908a8f1-0137-5624-825e-421bb78821b2 |
| 952 | f | f | |p Can circulate |a CAVAL |b CAVAL |c CAVAL |d CARM 1 Store |e F00112 |f A2:AO25B0 |h Other scheme |i book |k Ser.4:5(1972),ser.4:7(1974)-4:10(1977) |m 0259993 |
| 952 | f | f | |p Can circulate |a CAVAL |b CAVAL |c CAVAL |d CARM 1 Store |e C07640 |f A2:AP05F0 |h Other scheme |i book |k Ser.2:4(1875)-2:12(1883);ser.3:13(1896);3:15(1898) |m 0260800 |
| 952 | f | f | |p Can circulate |a CAVAL |b CAVAL |c CAVAL |d CARM 1 Store |e F00087 |f A2:AO32F0 |h Other scheme |i book |k Ser.3:1(1872)-ser.3:3(1886);ser.3:5(1888);ser.3:7(1890);ser.3:11(1894) |m 0265103 |
| 952 | f | f | |p Can circulate |a CAVAL |b CAVAL |c CAVAL |d CARM 1 Store |e F00156 |f A2:AO32B0 |h Other scheme |i book |k Ser.3:21(1904) |m 0266030 |
| 952 | f | f | |p Can circulate |a CAVAL |b CAVAL |c CAVAL |d CARM 1 Store |e F00057 |f A2:AR07E0 |h Other scheme |i book |k Ser.4:19(1986)-4:20(1987) |m 0266922 |
| 952 | f | f | |p Can circulate |a CAVAL |b CAVAL |c CAVAL |d CARM 1 Store |e C07629 |f A2:AQ02F0 |h Other scheme |i book |k Ser.3:14(1897);3:16(1899)-3:20(1903);3:22(1905)-3:27(1910) |m 0260784 |
| 952 | f | f | |p Can circulate |a CAVAL |b CAVAL |c CAVAL |d CARM 1 Store |e F00082 |f A2:AO32F0 |h Other scheme |i book |k Ser.3:6(1889);ser.3:8(1891)-3:10(1893);ser.3:12(1895) |m 0265102 |
| 952 | f | f | |p Can circulate |a CAVAL |b CAVAL |c CAVAL |d CARM 1 Store |e F00272 |f A2:AN26B0 |h Other scheme |i book |k Ser.1:3(1866)-1:5(1868) |m 0266186 |
| 952 | f | f | |p Can circulate |a CAVAL |b CAVAL |c CAVAL |d CARM 1 Store |e C07642 |f A2:AP07F0 |h Other scheme |i book |k Ser.3:28(1911)-3:41(1924) |m 0260849 |
| 952 | f | f | |p Can circulate |a CAVAL |b CAVAL |c CAVAL |d CARM 1 Store |e F00042 |f A2:AO33F0 |h Other scheme |i book |k Ser.4:13(1980)-4:14(1981) |m 0265225 |
| 952 | f | f | |p Can circulate |a CAVAL |b CAVAL |c CAVAL |d CARM 1 Store |e F00039 |f A2:AO31F0 |h Other scheme |i book |k Ser.4:17(1984) |m 0265216 |
| 952 | f | f | |p Can circulate |a CAVAL |b CAVAL |c CAVAL |d CARM 1 Store |e C07648 |f A2:AP07F0 |h Other scheme |i book |k Ser.3:57(1940)-3:67(1950);3:73(1956)-3:74(1957) |m 0260844 |
| 952 | f | f | |p Can circulate |a CAVAL |b CAVAL |c CAVAL |d CARM 1 Store |e F00208 |f A2:AO08B0 |h Other scheme |i book |k Ser.3:68(1951)-3:70(1953);3:75(1958)-3:77(1960),2:81(1964)-3:82(1965) |m 0266133 |
| 952 | f | f | |p Can circulate |a CAVAL |b CAVAL |c CAVAL |d CARM 1 Store |e F00272 |f A2:AN26B0 |h Other scheme |i book |k Ser.2:2(1873)-2:3(1874) |m 0266187 |
| 952 | f | f | |p Can circulate |a CAVAL |b CAVAL |c CAVAL |d CARM 1 Store |e F00075 |f A2:AO37F0 |h Other scheme |i book |k Ser.1:1(1864)-ser.1:2(1865) |m 0265106 |
| 952 | f | f | |p Can circulate |a CAVAL |b CAVAL |c CAVAL |d CARM 1 Store |e F00124 |f A2:AO26B0 |h Other scheme |i book |k Ser.4:1(1968) |m 0259990 |
| 952 | f | f | |p Can circulate |a CAVAL |b CAVAL |c CAVAL |d CARM 1 Store |e F00149 |f A2:AO31B0 |h Other scheme |i book |k Ser.3:83(1966) |m 0266032 |
| 952 | f | f | |p Can circulate |a CAVAL |b CAVAL |c CAVAL |d CARM 1 Store |e F00113 |f A2:AO25B0 |h Other scheme |i book |k Ser.3:71(1954)-3:72(1955) |m 0259995 |
| 952 | f | f | |p Can circulate |a CAVAL |b CAVAL |c CAVAL |d CARM 1 Store |e F00423 |f A2:AK22B0 |h Other scheme |i book |k Ser.4:18(1985) |m 0267452 |
| 952 | f | f | |p Can circulate |a CAVAL |b CAVAL |c CAVAL |d CARM 1 Store |e F00256 |f A2:AN14B0 |h Other scheme |i book |k Ser.3:78(1961)-ser.3:80(1963);ser.4:2(1969)-ser.4:3(1970);ser.4:6(1973) |m 0265678 |
| 952 | f | f | |p Can circulate |a CAVAL |b CAVAL |c CAVAL |d CARM 1 Store |e F00032 |f A2:AO31F0 |h Other scheme |i book |k Ser.4:16(1983) |m 0265211 |
| 952 | f | f | |p Can circulate |a CAVAL |b CAVAL |c CAVAL |d CARM 1 Store |e C07601 |f A2:AQ01F0 |h Other scheme |i book |k 1:6(1869)-1:7(1870) |m 0260721 |
| 952 | f | f | |p Can circulate |a CAVAL |b CAVAL |c CAVAL |d CARM 1 Store |e D09076 |f A2:AR02E0 |h Other scheme |i book |k Ser.4:11(1978) |m 0267368 |
| 952 | f | f | |p Can circulate |a CAVAL |b CAVAL |c CAVAL |d CARM 1 Store |e F00044 |f A2:AO33F0 |h Other scheme |i book |k Ser.4:4(1971) |m 0265220 |
| 952 | f | f | |p Can circulate |a CAVAL |b CAVAL |c CAVAL |d CARM 1 Store |e F00113 |f A2:AO25B0 |h Other scheme |i book |k Ser.4:12(1979),ser.4:15(1982) |m 0259994 |
| 952 | f | f | |p Can circulate |a CAVAL |b CAVAL |c CAVAL |d CARM 1 Store |e C07713 |f A2:AP20F0 |h Other scheme |i book |k Ser.3:42(1925)-3:56(1939) |m 0260943 |